Countries that Begin With A Vowel - Statistics

General Stats
  • This quiz has been taken 803 times
  • The average score is 31 of 35
Answer Stats
Country % Correct
Oman
96%
Australia
95%
United Kingdom
95%
Armenia
94%
Austria
94%
Indonesia
94%
United States
93%
Albania
92%
India
92%
Uzbekistan
92%
Angola
91%
Eritrea
91%
Iran
91%
Ireland
91%
Andorra
90%
Azerbaijan
90%
Ethiopia
90%
Iceland
90%
Iraq
90%
Afghanistan
89%
Algeria
89%
Italy
89%
Argentina
88%
Uruguay
88%
Ecuador
87%
Estonia
87%
Uganda
87%
United Arab Emirates
86%
Egypt
85%
El Salvador
85%
Antigua and Barbuda
83%
Ukraine
81%
Israel
80%
East Timor
79%
Equatorial Guinea
70%
No matching quizzes found
Score Distribution
Percent of People with Each Score
Percentile by Number Answered
Your Score History
You have not taken this quiz